| 000 | 00520nam a22002177a 4500 | ||
|---|---|---|---|
| 003 | OSt | ||
| 005 | 20260529152750.0 | ||
| 008 | 260529b |||||||| |||| 00| 0 eng d | ||
| 020 | _a978-81-239-1810-5 | ||
| 040 | _cSBCL | ||
| 082 |
_a616.96 _bCHA-P |
||
| 100 | _aChatterjee,K.D | ||
| 245 | _aParasitology | ||
| 250 | _a13th ed. | ||
| 260 |
_aNew Delhi _bCBS Publishers & Distributors _c2025 |
||
| 300 | _a298p. | ||
| 630 | _xTechnology | ||
| 650 | _aMedicine & health | ||
| 650 | _aDiseases | ||
| 942 | _cBOOK | ||
| 999 |
_c138296 _d138296 |
||